Neverbálna komunikácia v obchodnom rozhovore

Veľa obchodných jednaní končí neúspechom len preto, že obchodníci podcenia komunikáciu. Ignorujú reč tela svojho partnera, a preto jej nemôžu prispôsobiť vedenie obchodného rozhovoru. Neverbálne signály komunuikácie - mimika, žmurkanie, gestikulácia. Kinezika, posturika, proxemika. Správny výklad ne...

Descrizione completa

Salvato in:
Dettagli Bibliografici
Autore principale: Jarošová, Jana
Natura: Capitolo di libro
Lingua:slovacco
Soggetti:
Tags: Aggiungi Tag
Nessun Tag, puoi essere il primo ad aggiungerne!!

MARC

LEADER 00000naa a2200000 4500
001 0169986
005 20231120133817.0
041 0 |a slo 
044 |a SK 
245 1 0 |a Neverbálna komunikácia v obchodnom rozhovore  |c Jana Jarošová 
520 |a Veľa obchodných jednaní končí neúspechom len preto, že obchodníci podcenia komunikáciu. Ignorujú reč tela svojho partnera, a preto jej nemôžu prispôsobiť vedenie obchodného rozhovoru. Neverbálne signály komunuikácie - mimika, žmurkanie, gestikulácia. Kinezika, posturika, proxemika. Správny výklad neverbálnej komunikácie. 
610 2 0 |a rokovania obchodné 
610 2 0 |a komunikácia neverbálna 
100 1 |a Jarošová, Jana